000 00633cam a22002177a 4500
999 _c130449
_d130449
001 4784628
003 ARRUPE
005 20200319123202.0
008 900518s1985 rh j 000 0 sna
010 _a 86980062
040 _aDLC
_cDLC
_dDLC
050 0 0 _aPL8681.9.M6
_bK8
100 1 _aMoyo, Aaron C.,
_d1950-
_949760
245 1 0 _aKuridza ngoma nedemo /
_cA. Chiundura Moyo.
260 _aHarare, Zimbabwe :
_bZimbabwe Pub. House,
_c1985.
300 _a50 p. ;
_c19 cm.
490 0 _aZPH plays for schools series
906 _a7
_bcbc
_corignew
_du
_encip
_f19
_gy-gencatlg
942 _2lcc
_cMONOGRAPH